000 00730nam a2200217Ia 4500
008 130821s2004 ag gr spa
020 _a9508944390
040 _aCo-BoUCM
_bspa
041 0 0 _aspa
100 1 _aVallejo, Manuel Jaén
_9168377
245 1 0 _aCuestiones actuales del derecho penal económico
_cManuel Jaén Vallejo
260 _aBuenos Aires (Argentina)
_bAd-Hoc
_c2004
300 _a183 páginas
500 _aIncluye referencias bibliográficas e índice.
650 0 4 _aDelitos económicos
_912595
650 0 4 _aDerecho comercial
_912717
650 0 4 _aDerecho financiero
_912768
650 0 4 _aDerecho penal
_912805
942 _cLIBRO
_a8
_e1
_mV182c
_2DEWEY
_h345.0268
999 _c72988
_d72988